Peace and conflict studies : (Record no. 16381)

000 -LEADER
fixed length control field 01098cam a2200349 a 4500
001 - CONTROL NUMBER
control field 12307408
005 - DATE AND TIME OF LATEST TRANSACTION
control field 20170105102938.0
008 - FIXED-LENGTH DATA ELEMENTS--GENERAL INFORMATION
fixed length control field 010212s2000 enk b 001 0 eng d
010 ## - LIBRARY OF CONGRESS CONTROL NUMBER
LC control number 00134022
015 ## - NATIONAL BIBLIOGRAPHY NUMBER
National bibliography number GBA0-X5354
020 ## - INTERNATIONAL STANDARD BOOK NUMBER
International Standard Book Number 184014095X (hb)
020 ## - INTERNATIONAL STANDARD BOOK NUMBER
International Standard Book Number 1840140984 (pb)
035 ## - SYSTEM CONTROL NUMBER
System control number (OCoLC)ocm44397990
040 ## - CATALOGING SOURCE
Original cataloging agency UKM
Transcribing agency UKM
Modifying agency IXA
-- DLC
042 ## - AUTHENTICATION CODE
Authentication code lccopycat
050 00 - LIBRARY OF CONGRESS CALL NUMBER
Classification number JZ5538
Item number .J46 2000
082 ## - DEWEY DECIMAL CLASSIFICATION NUMBER
Classification number 327.172
Author Mark JEO 2000
100 1# - MAIN ENTRY--PERSONAL NAME
Personal name Jeong, Ho-Won.
245 10 - TITLE STATEMENT
Title Peace and conflict studies :
Remainder of title an introduction /
Statement of responsibility, etc. Ho-Won Jeong.
260 ## - PUBLICATION, DISTRIBUTION, ETC.
Place of publication, distribution, etc. Aldershot ;
-- Burlington USA :
Name of publisher, distributor, etc. Ashgate,
Date of publication, distribution, etc. c2000.
300 ## - PHYSICAL DESCRIPTION
Extent xvi, 407 p. ;
Dimensions 22 cm.
440 #0 - SERIES STATEMENT/ADDED ENTRY--TITLE
Title Studies in peace and conflict research
504 ## - BIBLIOGRAPHY, ETC. NOTE
Bibliography, etc. note Includes bibliographical references (p. 379-400) and index.
650 #0 - SUBJECT ADDED ENTRY--TOPICAL TERM
Topical term or geographic name entry element Peace.
650 #0 - SUBJECT ADDED ENTRY--TOPICAL TERM
Topical term or geographic name entry element Peace
General subdivision Philosophy.
650 #0 - SUBJECT ADDED ENTRY--TOPICAL TERM
Topical term or geographic name entry element Conflict management.
650 #0 - SUBJECT ADDED ENTRY--TOPICAL TERM
Topical term or geographic name entry element Security, International.
650 #0 - SUBJECT ADDED ENTRY--TOPICAL TERM
Topical term or geographic name entry element International cooperation.
906 ## - LOCAL DATA ELEMENT F, LDF (RLIN)
a 7
b cbc
c copycat
d 2
e ncip
f 20
g y-gencatlg
942 ## - ADDED ENTRY ELEMENTS (KOHA)
Source of classification or shelving scheme
Koha item type Book
Holdings
Withdrawn status Lost status Damaged status Not for loan Collection code Permanent Location Current Location Shelving location Date acquired Total Checkouts Full call number Barcode Date last seen Price effective from Koha item type
          Centre for International Peace & Stability (CIPS) Centre for International Peace & Stability (CIPS) General Stacks 04/07/2016   327.172 JEO 2000 CIPS0002688 04/07/2016 04/07/2016 Book
© 2023 Central Library, National University of Sciences and Technology. All Rights Reserved.